Parameter estimation, condition, monitoring, and diagnosis of electrical machines /

Salvato in:
Dettagli Bibliografici
Autore principale: Vas, Peter (Autore)
Natura: Libro
Lingua:inglese
Pubblicazione: Oxford : Clarendon Press, 1993
Edizione:1.vyd.
Soggetti:
Tags: Aggiungi Tag
Nessun Tag, puoi essere il primo ad aggiungerne!!

MARC

LEADER 00000nam a22000003a 4500
001 stu8041
005 20150617225806.4
008 950929s1993----uk------------------eng-d
020 |a 0-19-859375-9 
040 |a STU  |b slo 
041 0 |a eng 
044 |a uk 
080 |a 681.5.01 
080 |a 621.313-52 
084 |a B8310  |2 INS 
084 |a B8330  |2 INS 
084 |a B8340  |2 INS 
084 |a C3340  |2 INS 
084 |a C7410B  |2 INS 
084 |a B8320  |2 INS 
100 1 |a Vas, Peter  |4 aut 
245 1 |a Parameter estimation, condition, monitoring, and diagnosis of electrical machines /  |c [aut.] Vas,Peter 
250 |a 1.vyd. 
260 |a Oxford :  |b Clarendon Press,  |c 1993 
300 |a 360 s 
650 7 |a elektrické stroje  |2 stusub 
650 7 |a automatické riadenie  |2 stusub 
650 7 |a ASR  |2 stusub 
996 |b E80075  |c E*80075  |l EE09  |s P  |a 0  |w stu8041_0001